Эксплоатация двигателей внутреннего сгорания. Ч. 1: Изломы, ремонт и обслуживание стационарных двигателей (Запись № 13563796)

Подробности
000 -МАРКЕР
контрольное поле 01229nam2a2200241 4500
001 - ИДЕНТИФИКАТОР ЗАПИСИ
контрольное поле rc\2653378
005 - ИДЕНТИФИКАТОР ВЕРСИИ
контрольное поле 20260327140802.0
035 ## - ДРУГИЕ СИСТЕМНЫЕ НОМЕРА
Идентификатор записи (NLR Aleph) 006960727
100 ## - ДАННЫЕ ОБЩЕЙ ОБРАБОТКИ
Данные общей обработки 20110613d1932 u y0rusy50 ca
101 0# - ЯЗЫК РЕСУРСА
Язык текста, звукозаписи и т.д. русский
102 ## - СТРАНА ПУБЛИКАЦИИ ИЛИ ПРОИЗВОДСТВА
Страна публикации Российская Федерация
105 ## - ПОЛЕ КОДИРОВАННЫХ ДАННЫХ: ТЕКСТОВЫЕ МАТЕРИАЛЫ, МОНОГРАФИЧЕСКИЕ
Кодированные данные о монографическом текстовом документе ea z |||||
200 1# - ЗАГЛАВИЕ И СВЕДЕНИЯ ОБ ОТВЕТСТВЕННОСТИ
Основное заглавие Изломы, ремонт и обслуживание стационарных двигателей
210 ## - ПУБЛИКАЦИЯ, РАСПРОСТРАНЕНИЕ И ДР.
Дата издания, распространения и т.д. 1932
215 ## - ФИЗИЧЕСКАЯ ХАРАКТЕРИСТИКА
Специфическое обозначение материала и объем Переплет, 436 с., включ. тит. л.
Другие сведения о физической характеристике ил.
461 #0 - УРОВЕНЬ НАБОРА
Встроенное поле 001rc\2653377
-- 2001#$aЭксплоатация двигателей внутреннего сгорания$fБ.В. Кузнецов$vЧ. 1
-- 700#1$aКузнецов$bБ. В.$cинженер-технолог, двигатели$f1906-$gБорис Владимирович$3RU\NLR\AUTH\770291622
Системный номер (АБИС) связанной записи 5341369
Автор Кузнецов, Б. В. (инженер-технолог, двигатели ; 1906-)
Место публикации Москва
Дата публикации 1932
Издание 3-е изд.
Первые сведения об ответственности Б.В. Кузнецов
Имя издателя, распространителя и т.д. НКТП-СССР
Заглавие Эксплоатация двигателей внутреннего сгорания
Номер тома Ч. 1
801 #0 - ИСТОЧНИК ЗАПИСИ
Страна Российская Федерация
Организация NLR
Правила каталогизации psbo
801 #1 - ИСТОЧНИК ЗАПИСИ
Страна Российская Федерация
Организация ELAR
Источник данных rusmarc
852 ## - МЕСТОНАХОЖДЕНИЕ И ШИФР ХРАНЕНИЯ
Идентификатор организации NLR
Шифр хранения (Call Number) 32-18/367(1)
942 ## - ДОПОЛНИТЕЛЬНЫЕ ЭЛЕМЕНТЫ ЗАПИСИ (АБИС)
Тип экземпляра АБИС Книга
980 ## - КОЛЛЕКЦИЯ
Название коллекции Национальная библиография

Нет доступных экземпляров.